00412nam a2200145Ia 4500003000900000008004100009020002200050040001600072080001700088100001600105245009000121260003100211300001400242650001000256IN-BaIIA211028s9999 xx 000 0 eng d a978-81-7480-161-6 cIIA Library a551.444bDAT aDatta, P. S 0aWater: key driving forcecP. S Datta  aNoidabVigyan Prasarc2008 aix, 104p. aWater